[Event "Khanty-Mansiysk Governor Cup 17th"]
[Site "Khanty-Mansiysk"]
[Date "2021.11.11"]
[Round "1"]
[White "Pogosyan, Stefan"]
[Black "Volynets, Bogdan"]
[Result "1-0"]
[WhiteElo "2407"]
[BlackElo "1468"]
[PlyCount "105"]
[EventDate "2021.11.11"]
[EventType "swiss"]
[EventRounds "9"]
[EventCountry "RUS"]
[SourceTitle "CBM 205 Extra"]
[Source "ChessBase"]
[SourceDate "2022.01.31"]
[SourceVersion "1"]
[SourceVersionDate "2022.01.31"]
[SourceQuality "1"]

1. d4 d5 2. c4 dxc4 3. e3 e6 4. Bxc4 Nf6 5. Nf3 c5 6. 0-0 a6 7. Qe2 b5 8. Bb3 Bb7 9. Rd1 Nbd7 10. Nc3 Be7 11. dxc5 Bxc5 12. e4 Ng4 13. Nd4 Qb6 14. Bxe6 fxe6 15. Qxg4 Bxd4 16. Rxd4 Qxd4 17. Qxe6+ Kd8 18. Bg5+ Kc7 19. Rc1 Nc5 20. Bf4+ Kd8 21. Qb6+ Ke8 22. Be3 Qd7 23. Qxc5 Rc8 24. Qe5+ Qe7 25. Qxe7+ Kxe7 26. a3 Ke6 27. f3 Rhd8 28. Kf2 Rc4 29. b3 Rc6 30. Ke2 a5 31. b4 axb4 32. axb4 Rc4 33. Bc5 Bc6 34. h4 h5 35. Ke3 Ra8 36. Ne2 Ra3+ 37. Kf4 Rxc1 38. Nxc1 Be8 39. Kg5 Ke5 40. Ne2 Ra6 41. Bd4+ Kd6 42. Bxg7 Ke7 43. Nf4 Bf7 44. Bd4 Kf8 45. Bc5+ Kg8 46. e5 Kh7 47. Kf5 Bg6+ 48. Nxg6 Rxg6 49. e6 Rxg2 50. e7 Re2 51. Kf6 Kg8 52. Bd6 Re3 53. Be5 1-0